| 000 | 00742cam a2200253 4500 | ||
|---|---|---|---|
| 008 | 090401t1991 xxu||||| |||| 00| 0 eng d | ||
| 020 | _a0851218202 | ||
| 035 | _a(Sirsi) u85500 | ||
| 041 | _aeng | ||
| 050 | _a346.410438 | ||
| 100 | _aPalmer, Philip J. | ||
| 245 | _aHousing development conveyancing. | ||
| 260 |
_aLondon _bLongman _c1991 |
||
| 300 | _axxiii,280p. ; 22cm. | ||
| 350 | _a35 | ||
| 490 | _aLongman Practitioner Series | ||
| 520 | _aPractical advice for practitioners dealing with the technical conveyancing work related to new housing estates. | ||
| 650 | _aHOUSING ESTATES | ||
| 650 | _aPLOT SALES | ||
| 650 | _aSITE ACQUISITIONS | ||
| 690 | _aPROPERTY LAW AND PRACTICE | ||
| 942 | _n0 | ||
| 948 | _c04/03/1997 | ||
| 999 |
_c97049 _d97049 |
||